000 01639nam a22004217a 4500
003 CHAP
005 20220329143412.0
008 090414s2009 mx a r 00010 spa d
010 _a96048
011 _a97020
035 _a107679
040 _cCHAP
090 _aTesis
100 1 _aEstrada Hernández, Mónica.
_938395
245 1 3 _aLa participación social como proceso experiencial en zonas rurales afromestizas
_c/por Mónica Estrada Hernández
260 _aChapingo, Méx. :
_bEl autor,
_c2009
300 _aiii, 110 h. :
_bilus., cuadros
502 _aTesis (M.C. en Sociología Rural) -- UACH. Departamento de Sociología Rural
530 _aTambién disponible en línea
590 _aALEPH
_b10
_c20130110
_lUCH01
_h1528
590 _aBATCH-UPD
_b10
_c20130110
_lUCH01
_h0402
590 _aBATCH-UPD
_b10
_c20130110
_lUCH01
_h2002
590 _aBATCH-UPD
_b10
_c20130410
_lUCH01
_h0035
590 _aBATCH-UPD
_b10
_c20130914
_lUCH01
_h1024
590 _aBATCH-UPD
_b10
_c20140324
_lUCH01
_h1511
590 _aBATCH-UPD
_b10
_c20141002
_lUCH01
_h0839
590 _aCONVERSION
_b10
_c20130109
_lUCH01
_h1353
650 1 4 _aComunidad
_xOrganización.
_926248
650 1 4 _aComunidades rurales.
_926254
650 1 4 _aDesarrollo de la comunidad rural
_zOaxaca.
_932043
650 1 4 _aOrganizaciones civiles.
_983531
650 1 4 _aParticipación ciudadana
_985800
856 _3Finding aid
_uhttp://10.13.5.2/tesis/107679.pdf
_zTeclea aqui
901 _aBK
942 _cFOLL
949 _aTesis
_bBC
_cTES
_d33724002088868
_eTS1
_gDonaciØn
_h49217
_i107679
_sb
949 _aTesis
_bBC
_cTES
_d33724002088900
_eTS2
_fc.2
_gDonaciØn
_h49218
_i107679
_sb
999 _c96048
_d96048